MARC details
| 000 -CABECERA |
| campo de control de longitud fija |
01545cam a22002537a 4500 |
| 003 - IDENTIFICADOR DEL NÚMERO DE CONTROL |
| campo de control |
MX-MxUPN |
| 005 - FECHA Y HORA DE LA ÚLTIMA TRANSACCIÓN |
| campo de control |
20250411063842.0 |
| 008 - ELEMENTOS DE LONGITUD FIJA--INFORMACIÓN GENERAL |
| campo de control de longitud fija |
230531s1997 mx|||||fr|||| 000 0 spa d |
| 020 ## - NÚMERO INTERNACIONAL NORMALIZADO PARA LIBROS |
| Número Internacional Estándar del Libro |
8476660839 |
| 040 ## - FUENTE DE LA CATALOGACIÓN |
| Centro catalogador/agencia de origen |
MX-MxUPN |
| Lengua de catalogación |
spa |
| 050 #4 - SIGNATURA TOPOGRÁFICA DE LA BIBLIOTECA DEL CONGRESO |
| Número de clasificación |
T65 |
| Número de documento/Ítem |
E48 1997 |
| 245 00 - MENCIÓN DE TÍTULO |
| Título |
Educación técnico profesional : |
| Resto del título |
cuaderno de trabajo 1 |
| 260 ## - PUBLICACIÓN, DISTRIBUCIÓN, ETC. |
| Lugar de publicación, distribución, etc. |
Madrid, España : |
| Nombre del editor, distribuidor, etc. |
Organización de Estados Iberoemericanos para la Educación, la Ciencia y la Cultura, |
| Fecha de publicación, distribución, etc. |
1997 |
| 300 ## - DESCRIPCIÓN FÍSICA |
| Extensión |
124 páginas |
| 490 0# - MENCIÓN DE SERIE |
| Mención de serie |
Cuadernos de trabajo. Educación Profesional Técnica ; |
| Designación de volumen o secuencia |
1 |
| 505 00 - NOTA DE CONTENIDO CON FORMATO PREESTABLECIDO |
| Título |
Educación, desarrollo y equidad social / |
| Mención de responsabilidad |
Manuel de Puelles Benítez y José Ignacio Torreblanca Payá. -- |
| Título |
Declaración de Bariloche / |
| Mención de responsabilidad |
V cumbre Iberoamericana de Jefes de Estado y Presidentes de Gobierno. -- |
| Título |
Nuevas relaciones entre educación, trabajo y empleo en la década de los 90 / |
| Mención de responsabilidad |
Lázaro González García. -- |
| Título |
Evaluación de la calidad de la educación / |
| Mención de responsabilidad |
OEI. -- |
| Título |
El problema de la calidad en el primer plano de la agenda educativa / |
| Mención de responsabilidad |
Liliana Toranzos y otros. -- |
| Título |
El papel de la educación frente a los desafíos de las transformaciones científico-tecnológicas / |
| Mención de responsabilidad |
Daniel Filmus. -- |
| Título |
Formación y trabajo : de ayer para mañana / |
| Mención de responsabilidad |
CINTERFOR. |
| 650 #4 - ASIENTO SECUNDARIO DE MATERIA - TERMINO TEMATICO |
| Término de materia o nombre geográfico como elemento de entrada |
Enseñanza técnica |
| 9 (RLIN) |
9074 |
| 650 #4 - ASIENTO SECUNDARIO DE MATERIA - TERMINO TEMATICO |
| Término de materia o nombre geográfico como elemento de entrada |
Formación profesional |
| 9 (RLIN) |
9108 |
| 650 #4 - ASIENTO SECUNDARIO DE MATERIA - TERMINO TEMATICO |
| 9 (RLIN) |
4684 |
| Término de materia o nombre geográfico como elemento de entrada |
Calidad de la educación |
| 650 #2 - ASIENTO SECUNDARIO DE MATERIA - TERMINO TEMATICO |
| 9 (RLIN) |
16805 |
| Término de materia o nombre geográfico como elemento de entrada |
Educación y empleo |
| 700 1# - ASIENTO SECUNDARIO--NOMBRE DE PERSONAL |
| 9 (RLIN) |
39418 |
| Nombre de persona |
Briasco, Irma |
| Término indicativo de función/relación |
selección |
| 902 ## - ELEMENTOS DE DATOS B LOCAL, LDB (RLIN) |
| Creó |
MarisolLicea/310523 |
| Modificó |
VíctorGodínez/080824 |
| 942 ## - ELEMENTOS DE PUNTO DE ACCESO ADICIONAL (KOHA) |
| Fuente del sistema de clasificación o colocación |
Library of Congress Classification |
| Tipo de ítem Koha |
Libro |